[Event "Europe-Tartarstan m"]
[Site "Kazan"]
[Date "2001.08.15"]
[Round "1"]
[White "Kortschnoj, Viktor"]
[Black "Kharlov, Andrei"]
[Result "1/2-1/2"]
[WhiteElo "2617"]
[BlackElo "2656"]
[PlyCount "68"]
[EventDate "2001.08.15"]
[Source "ChessBase"]
[SourceDate "2001.11.13"]

1. d4 d5 2. c4 dxc4 3. Nc3 a6 4. e4 b5 5. a4 Bb7 6. axb5 axb5 7. Rxa8 Bxa8 8. Nxb5 e6 9. Qa4 Bc6 10. Nf3 Nf6 11. Bxc4 Nxe4 12. O-O Be7 13. Qa7 O-O 14. Qxc7 Qxc7 15. Nxc7 Nd6 16. Bd3 Rc8 17. Na6 Bxf3 18. gxf3 Nc6 19. Be3 Bf6 20. Bf4 Nxd4 21. Bxd6 Rd8 22. Bg3 Nxf3+ 23. Kg2 Rxd3 24. Nc5 Rd5 25. Nxe6 fxe6 26. Kxf3 Bxb2 27. Rb1 Bd4 28. Rb7 Rf5+ 29. Ke4 Bf6 30. Rb6 Kf7 31. Rb7+ Kg6 32. Rb6 e5 33. f3 Rh5 34. Ra6 Kf7 1/2-1/2

[Event "XXI Carlos Torre KO"]
[Site "Merida MES"]
[Date "2008.12.18"]
[Round "2.1"]
[White "Hernandez Carmenates, Hold"]
[Black "Moiseenko, A1."]
[Result "1/2-1/2"]
[WhiteElo "2580"]
[BlackElo "2678"]
[PlyCount "68"]
[EventDate "2008.12.17"]
[Source "www.chesslib.no"]
[SourceDate "2004.05.04"]

1. d4 d5 2. c4 dxc4 3. e3 e5 4. Bxc4 exd4 5. exd4 Nf6 6. Nf3 Bd6 7. O-O O-O 8. h3 Nc6 9. Nc3 h6 10. a3 Bf5 11. Re1 Re8 12. Be3 Qd7 13. d5 Ne5 14. Bb5 c6 15. dxc6 bxc6 16. Bf1 Rab8 17. b4 Rbd8 18. Bd4 Qc7 19. Rc1 Bxh3 20. Nb5 Nxf3+ 21. Qxf3 Bh2+ 22. Kh1 Rxe1 23. Rxe1 cxb5 24. Bxf6 gxf6 25. Qxh3 Bf4 26. Qf5 Qc3 27. Re4 Be5 28. g3 Qc1 29. Kg2 Rd1 30. Bxb5 Rg1+ 31. Kh2 Rh1+ 32. Kg2 Rg1+ 33. Kh2 Rh1+ 34. Kg2 Rg1+ 1/2-1/2

[Event "WDR Fernsehpreis"]
[Site "WDR Fernsehpreis"]
[Date "1984.??.??"]
[Round "?"]
[White "Korchnoi, Viktor L"]
[Black "Huebner, Robert"]
[Result "0-1"]
[WhiteElo "2635"]
[BlackElo "2620"]
[PlyCount "170"]
[EventDate "1984.??.??"]
[Source "www.chesslib.no"]
[SourceDate "2004.05.04"]

1. d4 d5 2. c4 dxc4 3. Nc3 a6 4. e4 b5 5. a4 b4 6. Nb1 Bb7 7. f3 e5 8. d5 c6 9. d6 Qxd6 10. Nd2 c5 11. Bxc4 Be7 12. Ne2 Nf6 13. Ng3 g6 14. O-O Nc6 15. Nb3 Qxd1 16. Rxd1 Nd4 17. Bh6 Rg8 18. Na5 Bc8 19. Bg5 Be6 20. Rac1 Bxc4 21. Nxc4 Nd7 22. Be3 f6 23. f4 Kf7 24. f5 Rab8 25. Kf2 b3 26. Bd2 Rgc8 27. Bc3 Bf8 28. Nf1 Kg8 29. Ba5 Bh6 30. Rc3 Rc6 31. Rh3 Kg7 32. g4 Bf4 33. Nfe3 Bxe3+ 34. Kxe3 Rh8 35. Kf2 Rcc8 36. Bd2 Rc6 37. Bh6+ Kf7 38. Rc1 Rb8 39. Bd2 Kg7 40. Ba5 Rh8 41. Bd2 Rb8 42. a5 Rd8 43. Bh6+ Kg8 44. Be3 Rc7 45. Rh6 Nf8 46. fxg6 Nxg6 47. Nb6 Kg7 48. Rh3 Rc6 49. Bh6+ Kg8 50. Rhc3 Nf4 51. Bxf4 exf4 52. Rxc5 Rxc5 53. Rxc5 Ne6 54. Rd5 Re8 55. Kf3 Ng5+ 56. Kxf4 Rxe4+ 57. Kf5 Re2 58. Kxf6 Ne4+ 59. Kf5 Nd2 60. Nd7 Rf2+ 61. Ke6 h6 62. Nf6+ Kg7 63. Nh5+ Kg6 64. h4 Nc4 65. Rd7 Re2+ 66. Kd5 Rd2+ 67. Ke6 Rxd7 68. Kxd7 Nxb2 69. Nf4+ Kh7 70. Nd5 Nc4 71. Nc3 Nxa5 72. Nb1 Nc4 73. Kc6 Ne5+ 74. Kb6 Nxg4 75. Kxa6 Kg6 76. Kb5 Kh5 77. Kc4 b2 78. Kc3 Kxh4 79. Kxb2 Kg3 80. Kc3 h5 81. Nd2 Kg2 82. Ne4 h4 83. Ng5 Nf2 84. Kd4 Nh3 85. Ne6 Kf3 0-1

[Event "Batumi"]
[Site "?"]
[Date "1999.??.??"]
[Round "?"]
[White "Georgiev, Ki"]
[Black "Huebner, R."]
[Result "1-0"]
[WhiteElo "2650"]
[BlackElo "2595"]
[PlyCount "65"]
[EventDate "1999.??.??"]
[Source "Chess Informant"]
[SourceDate "1999.10.01"]

1. d4 d5 2. c4 dxc4 3. e3 e5 4. Bxc4 exd4 5. exd4 Nf6 6. Nf3 Be7 7. O-O O-O 8. Nc3 Nbd7 9. Re1 Nb6 10. Bb3 c6 11. Ne5 Nbd5 12. Bg5 Be6 13. Rc1 Re8 14. h3 Rc8 15. Rc2 Nd7 16. Bxe7 Rxe7 17. Nxd5 Bxd5 18. Bxd5 cxd5 19. Rce2 Nxe5 20. dxe5 h6 21. Qd3 Qa5 22. a3 Qc5 23. Rd2 Rd8 24. g3 f6 25. b4 Qb6 26. Rde2 fxe5 27. Rxe5 Rxe5 28. Rxe5 d4 29. Qc4+ Kh8 30. Re6 Rd6 31. Re8+ Kh7 32. Qg8+ Kg6 33. Re7 1-0

[Event "Horgen CS"]
[Site "Horgen"]
[Date "1994.??.??"]
[Round "8"]
[White "Gelfand, Boris"]
[Black "Leko, Peter"]
[Result "1/2-1/2"]
[WhiteElo "2680"]
[BlackElo "2555"]
[PlyCount "81"]
[EventDate "1994.09.??"]
[Source "ChessBase"]

1. d4 d5 2. c4 dxc4 3. e3 c5 4. Bxc4 cxd4 5. exd4 Qc7 6. Bb3 Bg4 7. f3 Bd7 8. Nc3 e6 9. Nge2 Bd6 10. Ne4 Ne7 11. Nxd6+ Qxd6 12. O-O O-O 13. Qd3 Qa6 14. Bc4 Qb6 15. Be3 Nd5 16. Bxd5 exd5 17. Nc3 Qd6 18. Qd2 Be6 19. Bf4 Qd7 20. Bxb8 Raxb8 21. Qf4 Rbc8 22. Rfe1 Rfe8 23. Re2 f6 24. Rae1 Bf7 25. Kf2 Rxe2+ 26. Rxe2 b6 27. h4 Be6 28. g4 Kf7 29. Kg3 Re8 30. Kh2 h6 31. g5 hxg5 32. hxg5 Bf5 33. Rg2 fxg5 34. Qxg5 Qd6+ 35. Kg1 Qf6 36. Qxf6+ gxf6 37. Nxd5 Rd8 38. Ne3 Be6 39. Rd2 Bxa2 40. d5 a5 41. Kf2 1/2-1/2

[Event "Elista (ol) 73/447"]
[Site "?"]
[Date "1998.??.??"]
[Round "?"]
[White "Jussupow, Artur"]
[Black "Sorokin, Maxim"]
[Result "1-0"]
[WhiteElo "2640"]
[BlackElo "2570"]
[PlyCount "77"]
[EventDate "1998.??.??"]
[Source "ChessBase"]
[SourceDate "1998.06.01"]

1. d4 d5 2. c4 dxc4 3. e3 e6 4. Bxc4 a6 5. Nf3 c5 6. Bd3 Nf6 7. O-O Nc6 8. Nc3 cxd4 9. exd4 Be7 10. Bg5 O-O 11. Rc1 Bd7 12. Re1 Rc8 13. a3 Re8 14. Bb1 g6 15. Ba2 Na7 16. Ne5 Bc6 17. Qe2 Nd5 18. Bh6 Bf8 19. Qd2 Nb5 20. Ne4 Nd6 21. Bxd5 Bxd5 22. Rxc8 Nxc8 23. Bg5 Be7 24. Qf4 Bxe4 25. Qxf7+ Kh8 26. Bh6 Bf8 27. Bxf8 Rxf8 28. Rxe4 Nd6 29. Nxg6+ hxg6 30. Rh4+ Qxh4 31. Qxf8+ Kh7 32. Qxd6 Qe4 33. Qc7+ Kh6 34. Qc1+ g5 35. g3 Kh5 36. Qd1+ Kg6 37. h3 Kf6 38. Qd2 b5 39. Kh2 1-0

[Event "EU-ch 3rd"]
[Site "Batumi"]
[Date "2002.06.22"]
[Round "10"]
[White "Graf, Alexander"]
[Black "Izoria, Zviad"]
[Result "1/2-1/2"]
[WhiteElo "2623"]
[BlackElo "2556"]
[PlyCount "40"]
[EventDate "2002.06.12"]
[Source "ChessBase"]
[SourceDate "2002.09.20"]

1. d4 d5 2. c4 dxc4 3. e3 e6 4. Bxc4 c5 5. Nf3 a6 6. Qe2 b5 7. Bb3 Nf6 8. dxc5 Bb7 9. a4 Nbd7 10. axb5 axb5 11. Rxa8 Qxa8 12. Qxb5 Bxf3 13. gxf3 Bxc5 14. Nd2 O-O 15. Bc4 Qa7 16. O-O Rb8 17. Qa6 Qc7 18. Rd1 Bb4 19. Bf1 Bxd2 20. Bxd2 Qc2 1/2-1/2

[Event "New York op"]
[Site "New York"]
[Date "1997.??.??"]
[Round "?"]
[White "Sokolov, Ivan"]
[Black "Baburin, Alexander"]
[Result "1/2-1/2"]
[WhiteElo "2615"]
[BlackElo "2560"]
[PlyCount "48"]
[EventDate "1997.04.02"]
[Source "ChessBase"]

1. d4 d5 2. c4 dxc4 3. e3 e6 4. Bxc4 c5 5. Nf3 a6 6. Qe2 b5 7. Bd3 cxd4 8. exd4 Nf6 9. O-O Be7 10. Bg5 Bb7 11. Nc3 O-O 12. Rad1 Nbd7 13. Rfe1 Nb6 14. Ne5 Rc8 15. Bxf6 Bxf6 16. Ne4 Bd5 17. b3 Be7 18. Qh5 f5 19. Ng3 Nd7 20. Ne2 Nxe5 21. dxe5 Bb4 22. Rf1 Qc7 23. Qh4 Bc5 24. Qg3 Rfd8 1/2-1/2

[Event "Karl Wagner mem 5th"]
[Site "Graz"]
[Date "1998.09.11"]
[Round "7.2"]
[White "Lerner, Konstantin Z"]
[Black "Epishin, Vladimir"]
[Result "1/2-1/2"]
[WhiteElo "2580"]
[BlackElo "2585"]
[PlyCount "35"]
[EventDate "1998.09.??"]
[Source "www.chesslib.no"]
[SourceDate "2004.05.04"]

1. d4 d5 2. c4 dxc4 3. e3 e6 4. Bxc4 c5 5. Nf3 a6 6. Qe2 Nc6 7. dxc5 Bxc5 8. O-O Nge7 9. Nc3 Ng6 10. Ne4 Be7 11. Rd1 Qc7 12. Bd2 O-O 13. Rac1 Bd7 14. b4 Rad8 15. Bd3 Qb8 16. Nc5 Bxc5 17. Rxc5 Nce5 18. Nxe5 1/2-1/2

[Event "olm UKR-ARM"]
[Site "Manila olm UKR-ARM"]
[Date "1992.??.??"]
[Round "5"]
[White "Lputian, Smbat G"]
[Black "Romanishin, Oleg M"]
[Result "1-0"]
[WhiteElo "2560"]
[BlackElo "2595"]
[PlyCount "71"]
[EventDate "1992.??.??"]
[Source "www.chesslib.no"]
[SourceDate "2004.05.04"]

1. d4 d5 2. c4 dxc4 3. e3 e5 4. Bxc4 exd4 5. exd4 Nf6 6. Nf3 Bd6 7. O-O O-O 8. Bg5 Nc6 9. Nc3 Bg4 10. Nd5 Be7 11. Nxe7+ Qxe7 12. h3 Bxf3 13. Qxf3 Qe4 14. Qxe4 Nxe4 15. Be3 Nd6 16. b3 Rad8 17. d5 Nxc4 18. bxc4 Na5 19. Rac1 b6 20. Bf4 c5 21. Rfe1 f6 22. Re3 Rfe8 23. Kf1 Kf7 24. Ke2 Rd7 25. g4 g5 26. Rxe8 Kxe8 27. Bd2 Rb7 28. f4 gxf4 29. Bxf4 b5 30. Kd3 b4 31. Rf1 a6 32. Bc1 Rd7 33. Bb2 Ke7 34. Rf5 Kf7 35. g5 Kg6 36. Rxf6+ 1-0

[Event "XIX Czech Open Synthesia Rapid"]
[Site "Pardubice CEC"]
[Date "2008.07.17"]
[Round "8"]
[White "Potkin, V."]
[Black "Kabanov, N."]
[Result "1/2-1/2"]
[WhiteElo "2629"]
[BlackElo "2521"]
[PlyCount "109"]
[EventDate "2008.07.16"]
[Source "www.chesslib.no"]
[SourceDate "2004.05.04"]

1. d4 d5 2. c4 dxc4 3. e3 e5 4. Bxc4 exd4 5. exd4 Nf6 6. Nf3 Bd6 7. O-O O-O 8. Nc3 Nc6 9. h3 h6 10. Re1 Bf5 11. Be3 a6 12. d5 Ne5 13. Nxe5 Bxe5 14. Qf3 Bg6 15. Bc5 Re8 16. Re3 Qd7 17. Rae1 Bxc3 18. bxc3 Rxe3 19. Rxe3 Re8 20. Rxe8+ Nxe8 21. Bb3 b5 22. c4 Nd6 23. cxb5 axb5 24. Bd4 Ne4 25. Qe3 Qd6 26. f3 Nf6 27. Be5 Qe7 28. Bf4 Qxe3+ 29. Bxe3 Kf8 30. Bf4 Ne8 31. Kf2 Ke7 32. Ke3 Kd7 33. Kd4 Nd6 34. g4 Nb7 35. Bd1 Bb1 36. a3 Ba2 37. Be2 c6 38. dxc6+ Kxc6 39. Bd2 Nc5 40. Bb4 Ne6+ 41. Ke3 g5 42. Bf1 Bb1 43. Bc3 f5 44. gxf5 Bxf5 45. Be5 Kc5 46. Bg3 Nd4 47. Be5 Nc2+ 48. Kd2 Nxa3 49. Bg7 Nc4+ 50. Bxc4 Kxc4 51. Bxh6 b4 52. Bxg5 b3 53. Bf6 Bxh3 54. f4 Bf5 55. Be5 1/2-1/2

[Event "TCh-AUT"]
[Site "Graz"]
[Date "2004.11.19"]
[Round "1"]
[White "Gustafsson, Jan"]
[Black "Sermek, Drazen"]
[Result "1-0"]
[WhiteElo "2603"]
[BlackElo "2547"]
[PlyCount "105"]
[EventDate "2004.11.19"]
[Source "Roberto Alvarez"]
[SourceDate "2004.11.22"]

1. d4 d5 2. c4 dxc4 3. e3 c5 4. Bxc4 cxd4 5. exd4 Qc7 6. Qd3 Nf6 7. Nc3 e6 8. Nf3 Nc6 9. O-O Be7 10. Bg5 O-O 11. a3 Rd8 12. Rfd1 Ng4 13. Bxe7 Qxe7 14. Qe4 Nf6 15. Qf4 Bd7 16. Re1 Na5 17. Ba2 Bc6 18. b4 Bxf3 19. Qxf3 Rxd4 20. bxa5 Rad8 21. Bb1 Qc5 22. a6 bxa6 23. Ne4 Nxe4 24. Bxe4 g6 25. h3 Kg7 26. Rac1 Rc4 27. Rxc4 Qxc4 28. Qe3 Rd4 29. Rc1 Qa4 30. Bc6 Rd1+ 31. Kh2 Qd4 32. Rxd1 Qxd1 33. Qc5 Qd8 34. g3 Qc7 35. Kg2 h5 36. h4 Kg8 37. Qc4 Qa5 38. Qb4 Qe5 39. Qb7 a5 40. Qxa7 Kf8 41. a4 Qc3 42. Qb8+ Kg7 43. Qd6 Qb2 44. Qc5 Qd2 45. Qe5+ Kg8 46. Qf4 Qd8 47. Qf3 Qc7 48. Kf1 Kf8 49. Qc3 Qb6 50. Ke2 Kg8 51. Bb5 Qa7 52. Qc8+ Kg7 53. Qd8 1-0

[Event "ROM-chT"]
[Site "?"]
[Date "2000.04.14"]
[Round "2"]
[White "Atalik Suat"]
[Black "Najer Evgeniy"]
[Result "1/2-1/2"]
[WhiteElo "2575"]
[BlackElo "2572"]
[PlyCount "89"]
[EventDate "2000.??.??"]
[Source "www.chesslib.no"]
[SourceDate "2004.05.04"]

1. d4 d5 2. c4 dxc4 3. e3 Be6 4. Nf3 c6 5. a4 Nf6 6. Nbd2 Na6 7. Bxc4 Bxc4 8. Nxc4 e6 9. O-O Bb4 10. Nce5 O-O 11. Nd3 c5 12. Nxb4 Nxb4 13. Bd2 Na6 14. Bc3 Ne4 15. Qb1 Qd5 16. Rd1 Rfd8 17. Nd2 Nxc3 18. bxc3 Rac8 19. e4 Qc6 20. Nf3 cxd4 21. cxd4 b6 22. h3 h6 23. Rd2 Nb8 24. Ne5 Qc7 25. a5 bxa5 26. Qa2 Rd6 27. d5 Qc3 28. Nf3 exd5 29. exd5 Qc5 30. Rdd1 Rcd8 31. Qxa5 Qxa5 32. Rxa5 Nc6 33. Ra6 Nb4 34. Rxa7 Rxd5 35. Rxd5 Rxd5 36. Ra4 Rd1+ 37. Kh2 Nd3 38. Kg3 Rf1 39. Ra2 f5 40. Rd2 Nxf2 41. Kf4 Kh7 42. Kxf5 Nxh3 43. gxh3 Rxf3+ 44. Kg4 Ra3 45. Rd6 1/2-1/2

[Event "ROM-chT"]
[Site "ROM"]
[Date "2000.??.??"]
[Round "2"]
[White "Atalik, Suat"]
[Black "Najer, Evgeniy"]
[Result "1/2-1/2"]
[WhiteElo "2575"]
[BlackElo "2572"]
[PlyCount "28"]
[EventDate "2000.??.??"]
[Source "www.chesslib.no"]
[SourceDate "2004.05.04"]

1. d4 d5 2. c4 dxc4 3. e3 Be6 4. Nf3 c6 5. a4 Nf6 6. Nbd2 Na6 7. Bxc4 Bxc4 8. Nxc4 e6 9. O-O Bb4 10. Nce5 O-O 11. Nd3 c5 12. Nxb4 Nxb4 13. Bd2 Na6 14. Bc3 Ne4 1/2-1/2

[Event "EU-ch 3rd"]
[Site "Batumi"]
[Date "2002.06.21"]
[Round "9"]
[White "Kacheishvili, Giorgi"]
[Black "Izoria, Zviad"]
[Result "1/2-1/2"]
[WhiteElo "2584"]
[BlackElo "2556"]
[PlyCount "41"]
[EventDate "2002.06.12"]
[Source "ChessBase"]
[SourceDate "2002.09.20"]

1. d4 d5 2. c4 dxc4 3. e3 e6 4. Bxc4 c5 5. Nf3 a6 6. Bb3 Nf6 7. O-O cxd4 8. exd4 Nc6 9. Nc3 Be7 10. Bg5 O-O 11. Qd2 Na5 12. Bc2 b5 13. Qf4 Ra7 14. Qh4 g6 15. Rad1 Nc4 16. Ne5 Nd5 17. Bxe7 Qxe7 18. Qxe7 Nxe7 19. Nxc4 bxc4 20. Be4 Bb7 21. f3 1/2-1/2

[Event "Europe vs Americas"]
[Site "Mermaid Beach"]
[Date "1998.01.29"]
[Round "4"]
[White "Baburin, Alexander"]
[Black "Gurevich, Dmitry"]
[Result "1-0"]
[WhiteElo "2600"]
[BlackElo "2540"]
[PlyCount "94"]
[EventDate "1998.01.26"]
[Source "ChessBase"]
[SourceDate "1998.03.09"]

1. d4 d5 2. c4 dxc4 3. e3 e6 4. Bxc4 c5 5. Nf3 a6 6. O-O b5 7. Bd3 cxd4 8. exd4 Nf6 9. a4 b4 10. Bg5 Bb7 11. Nbd2 Be7 12. a5 O-O 13. Nc4 Ra7 14. Be3 Qd5 15. Nb6 Qh5 16. d5 Ng4 17. Bd4 e5 18. h3 exd4 19. hxg4 Qxg4 20. Nxd4 Qg5 21. Be4 Bd6 22. Re1 Bc8 23. Nc6 Rc7 24. Qd3 Bg4 25. Nc4 Bc5 26. Qg3 f5 27. Bf3 h5 28. Qxc7 Bxf3 29. Qh2 Bxd5 30. N6e5 f4 31. Rad1 Qg3 32. Ne3 Qxh2+ 33. Kxh2 Bb3 34. Rc1 Bd4 35. N3c4 Bxf2 36. Re2 Bg3+ 37. Kg1 Re8 38. Nd6 Rd8 39. Rc8 Rxc8 40. Nxc8 Ba4 41. Ne7+ Kh7 42. Nf5 f3 43. Nxf3 Bf4 44. Re4 Bc1 45. Rxb4 Bb5 46. N5d4 Nc6 47. Rxb5 Nxd4 1-0

[Event "Yerevan op"]
[Site "Yerevan"]
[Date "1996.??.??"]
[Round "3"]
[White "Tukmakov, Vladimir B"]
[Black "Sturua, Zurab"]
[Result "1/2-1/2"]
[WhiteElo "2595"]
[BlackElo "2540"]
[PlyCount "63"]
[EventDate "1996.??.??"]
[Source "www.chesslib.no"]
[SourceDate "2004.05.04"]

1. d4 d5 2. c4 dxc4 3. e3 c5 4. Bxc4 cxd4 5. exd4 Qc7 6. Be2 Nf6 7. Nc3 e6 8. Nf3 Be7 9. O-O O-O 10. Bg5 Nc6 11. Rc1 Rd8 12. Qb3 Qa5 13. Be3 Bd7 14. a3 Be8 15. Rfd1 h6 16. h3 Rab8 17. Qa2 a6 18. b4 Qc7 19. Bc4 Rbc8 20. Bb3 Bd6 21. d5 exd5 22. Na4 d4 23. Nxd4 Bf4 24. Nf5 Qe5 25. Rc5 Rxd1+ 26. Bxd1 Qb8 27. Qe2 Bd7 28. Nb6 Bxe3 29. Nxe3 Rd8 30. Nxd7 Rxd7 31. Nf5 Qf4 32. g3 1/2-1/2

[Event "CRO-chT"]
[Site "Makarska Tucepi"]
[Date "1995.??.??"]
[Round "?"]
[White "Kurajica, Bojan"]
[Black "Varga, Zoltan"]
[Result "1/2-1/2"]
[WhiteElo "2595"]
[BlackElo "2535"]
[PlyCount "55"]
[EventDate "1995.??.??"]
[Source "www.chesslib.no"]
[SourceDate "2004.05.04"]

1. d4 d5 2. c4 dxc4 3. Qa4+ Nd7 4. Nf3 a6 5. Nc3 e6 6. g3 Ngf6 7. Bg2 Be7 8. Ne5 O-O 9. Qxc4 c5 10. Nxd7 Nxd7 11. dxc5 Nxc5 12. Be3 b5 13. Qd4 Ra7 14. Qxd8 Rxd8 15. O-O Rad7 16. Rac1 Bb7 17. Nxb5 Bxg2 18. Kxg2 axb5 19. Bxc5 Bf6 20. Be3 Bxb2 21. Rb1 Bd4 22. Bxd4 Rxd4 23. Rb2 g6 24. Rc1 Rd2 25. Rcc2 Rxc2 26. Rxc2 Kf8 27. e4 Rd3 28. e5 1/2-1/2

[Event "Moscow RUS"]
[Site "?"]
[Date "2006.05.11"]
[Round "11"]
[White "Amonatov Farrukh"]
[Black "Afromeev Vladimir"]
[Result "1/2-1/2"]
[WhiteElo "2569"]
[BlackElo "2558"]
[PlyCount "38"]
[EventDate "2006.??.??"]
[Source "www.chesslib.no"]
[SourceDate "2004.05.04"]

1. d4 d5 2. c4 dxc4 3. Nc3 a6 4. e3 e5 5. Bxc4 exd4 6. exd4 Nf6 7. Nf3 Be7 8. O-O O-O 9. Ne5 Nfd7 10. Qb3 Nxe5 11. dxe5 Nc6 12. e6 fxe6 13. Bxe6+ Bxe6 14. Qxe6+ Kh8 15. Be3 Bd6 16. Qb3 Qf6 17. Nd5 Qe5 18. f4 Qh5 19. Rad1 Rf5 1/2-1/2

[Event "Nova Gorica op"]
[Site "Nova Gorica"]
[Date "1997.??.??"]
[Round "3"]
[White "Malaniuk, Vladimir P"]
[Black "Mikhalchishin, Adrian"]
[Result "1/2-1/2"]
[WhiteElo "2610"]
[BlackElo "2515"]
[PlyCount "81"]
[EventDate "1997.01.??"]
[Source "www.chesslib.no"]
[SourceDate "2004.05.04"]

1. d4 d5 2. c4 dxc4 3. e3 c5 4. Bxc4 cxd4 5. exd4 Qc7 6. Qb3 e6 7. Nc3 a6 8. Nf3 Nc6 9. Bd3 Nf6 10. O-O Be7 11. a3 O-O 12. Be3 b5 13. Rac1 Bb7 14. Ne4 Rac8 15. Nc5 Nd5 16. Be4 Na5 17. Qd3 Nc4 18. b3 Ncxe3 19. Bxh7+ Kh8 20. fxe3 Bxc5 21. Rxc5 Qe7 22. Rxc8 Rxc8 23. Ne5 Nf6 24. Bg6 Qxa3 25. Nxf7+ Kg8 26. Ng5 Qb2 27. Bh7+ Kf8 28. Be4 Rc3 29. Qd1 Bxe4 30. Nxe4 Rxe3 31. Nxf6 gxf6 32. Rxf6+ Ke7 33. Rf2 Qxb3 34. Qf1 Qb4 35. Rf7+ Ke8 36. Qf6 Qe1+ 37. Qf1 Qb4 38. Qf6 Qe1+ 39. Qf1 Qb4 40. Qf6 Qe1+ 41. Qf1 1/2-1/2

[Event "Oviedo"]
[Site "?"]
[Date "1993.??.??"]
[Round "?"]
[White "Vaiser, A."]
[Black "Polgar, Z."]
[Result "1-0"]
[WhiteElo "2580"]
[BlackElo "2545"]
[PlyCount "63"]
[EventDate "1993.??.??"]
[Source "www.chesslib.no"]
[SourceDate "2004.05.04"]

1. d4 d5 2. c4 dxc4 3. e3 e5 4. Bxc4 exd4 5. exd4 Nf6 6. Nf3 Be7 7. Nc3 O-O 8. h3 Nc6 9. O-O Bf5 10. Re1 a6 11. a3 b5 12. Bb3 b4 13. axb4 Nxb4 14. Ne5 c5 15. d5 Bd6 16. Nc6 Qc7 17. Bg5 Nd3 18. Qf3 Bg6 19. Re2 Ne5 20. Nxe5 Bxe5 21. Rae1 Bd4 22. Ba4 Qa5 23. Bc6 Rab8 24. d6 Rxb2 25. Rxb2 Bxc3 26. Ra2 Qxa2 27. Qxc3 Bf5 28. Bxf6 gxf6 29. d7 Be6 30. Qxf6 Qd2 31. Re3 Bf5 32. Qxf5 1-0

[Event "FRA-chT 9900"]
[Site "France"]
[Date "2000.02.06"]
[Round "3.1"]
[White "Vaisser, Anatoli"]
[Black "Palac, Mladen"]
[Result "1/2-1/2"]
[WhiteElo "2549"]
[BlackElo "2570"]
[PlyCount "31"]
[EventDate "2000.02.04"]
[Source "www.chesslib.no"]
[SourceDate "2004.05.04"]

1. d4 d5 2. c4 dxc4 3. e3 Nf6 4. Bxc4 c5 5. Nf3 a6 6. Bb3 e6 7. O-O cxd4 8. exd4 Nc6 9. Nc3 Be7 10. d5 Nxd5 11. Nxd5 exd5 12. Qxd5 Be6 13. Qxd8+ Nxd8 14. Nd4 Bxb3 15. Nxb3 Ne6 16. Be3 1/2-1/2

[Event "CRO-Cup"]
[Site "Pula"]
[Date "2000.??.??"]
[Round "5"]
[White "Tkachiev, Vladislav"]
[Black "Golubovic, Boris"]
[Result "1/2-1/2"]
[WhiteElo "2670"]
[BlackElo "2449"]
[PlyCount "49"]
[EventDate "2000.??.??"]
[Source "www.chesslib.no"]
[SourceDate "2004.05.04"]

1. d4 d5 2. c4 dxc4 3. e3 e5 4. Bxc4 exd4 5. exd4 Nf6 6. Nf3 Bd6 7. O-O O-O 8. h3 Nc6 9. Nc3 h6 10. Qc2 Nb4 11. Qb1 Be6 12. Bxe6 fxe6 13. Re1 Qe8 14. Bd2 Nbd5 15. Qd3 Qf7 16. Re2 Nh5 17. Nxd5 exd5 18. Rae1 c6 19. Re6 Rad8 20. R1e2 Rfe8 21. Rxe8+ Rxe8 22. Rxe8+ Qxe8 23. Qf5 Qf7 24. Qc8+ Kh7 25. Nh4 1/2-1/2

[Event "Moscow RUS"]
[Site "?"]
[Date "2006.05.05"]
[Round "2"]
[White "Glek Igor V"]
[Black "Afromeev Vladimir"]
[Result "1/2-1/2"]
[WhiteElo "2560"]
[BlackElo "2558"]
[PlyCount "25"]
[EventDate "2006.??.??"]
[Source "www.chesslib.no"]
[SourceDate "2004.05.04"]

1. d4 d5 2. c4 dxc4 3. e3 e5 4. Bxc4 exd4 5. exd4 Nf6 6. Nf3 Bb4+ 7. Nc3 O-O 8. O-O Nc6 9. Be3 Bg4 10. h3 Bh5 11. g4 Bg6 12. Ne5 Na5 13. Be2 1/2-1/2

[Event "Mind Sports Games - Blitz Ind"]
[Site "Pechino CINA"]
[Date "2008.10.04"]
[Round "9"]
[White "Markos, J."]
[Black "Adianto, U."]
[Result "0-1"]
[WhiteElo "2557"]
[BlackElo "2554"]
[PlyCount "44"]
[EventDate "2008.10.04"]
[Source "www.chesslib.no"]
[SourceDate "2004.05.04"]

1. d4 d5 2. c4 dxc4 3. e3 Nf6 4. Bxc4 a6 5. Qe2 e6 6. Nf3 b5 7. Bb3 c5 8. dxc5 Bxc5 9. e4 Bb7 10. Nbd2 O-O 11. e5 Nd5 12. Ne4 Bb4+ 13. Bd2 Nf4 14. Bxb4 Nxe2 15. Nd6 Bxf3 16. gxf3 Nd4 17. O-O-O Nxb3+ 18. axb3 Qc7+ 19. Kb1 Nc6 20. Rc1 Qd7 21. Bc5 Nxe5 22. Rhd1 Rfd8 0-1

[Event "US Open"]
[Site "Hollywood US Open"]
[Date "1985.??.??"]
[Round "?"]
[White "Alburt, Lev O"]
[Black "Seirawan, Yasser"]
[Result "0-1"]
[WhiteElo "2535"]
[BlackElo "2570"]
[PlyCount "108"]
[EventDate "1985.??.??"]
[Source "www.chesslib.no"]
[SourceDate "2004.05.04"]

1. d4 d5 2. Nf3 c5 3. c4 dxc4 4. e4 cxd4 5. Qxd4 Qxd4 6. Nxd4 Nf6 7. Nc3 e5 8. Ndb5 Kd8 9. Be3 Be6 10. O-O-O+ Nbd7 11. Bxa7 Rxa7 12. Nxa7 Ng4 13. f3 Nf2 14. Be2 Nxh1 15. Rxh1 Kc7 16. Na4 Bc5 17. Nxc5 Nxc5 18. Nb5+ Kc6 19. Na3 b5 20. Rd1 Nb7 21. Nc2 Kc5 22. Ne3 Ra8 23. Kb1 Na5 24. Nd5 Ra7 25. f4 exf4 26. Nxf4 Nc6 27. b3 c3 28. Nd5 c2+ 29. Kxc2 Rxa2+ 30. Kd3 Bxd5 31. exd5 Nb4+ 32. Ke3 Nxd5+ 33. Kf3 Nc3 34. Rc1 Kb4 35. Bd3 h6 36. Re1 Rd2 37. Bh7 Rd7 38. Bc2 Ka3 39. Bf5 Rc7 40. h4 Kxb3 41. h5 b4 42. Re8 Nd5 43. Rd8 Nf6 44. g4 Kb2 45. Rd6 b3 46. Ke2 Rc4 47. Rd2+ Kc3 48. Rd3+ Kb4 49. Rd8 Nxg4 50. Rg8 Rf4 51. Bb1 Rf2+ 52. Ke1 Rb2 53. Bd3 Kc3 54. Be2 Rb1+ 0-1

[Event "RUS-ch m3-4"]
[Site "Elista"]
[Date "1997.05.24"]
[Round "2.3"]
[White "Ulibin, Mikhail"]
[Black "Makarov, Marat"]
[Result "1/2-1/2"]
[WhiteElo "2555"]
[BlackElo "2545"]
[PlyCount "45"]
[EventDate "1997.04.19"]
[Source "ChessBase"]
[SourceDate "1997.08.01"]

1. d4 d5 2. c4 dxc4 3. e3 e6 4. Bxc4 a6 5. Nf3 c5 6. Qe2 b5 7. Bd3 cxd4 8. exd4 Nf6 9. O-O Be7 10. a4 bxa4 11. Rxa4 O-O 12. Nc3 Nc6 13. Bg5 Bb7 14. Rd1 a5 15. Bxf6 Bxf6 16. d5 exd5 17. Nxd5 g6 18. Bb5 Na7 19. Bc4 Nc6 20. Bb5 Na7 21. Bc4 Nc6 22. Bb5 Na7 23. Bc4 1/2-1/2

[Event "Belgrade YUG"]
[Site "Belgrade SCG"]
[Date "1984.??.??"]
[Round "?"]
[White "Korchnoi, Viktor L"]
[Black "Matulovic, Milan"]
[Result "1-0"]
[WhiteElo "2635"]
[BlackElo "2465"]
[PlyCount "89"]
[EventDate "1984.??.??"]
[Source "www.chesslib.no"]
[SourceDate "2004.05.04"]

1. d4 d5 2. c4 dxc4 3. e3 e5 4. Bxc4 exd4 5. exd4 Nf6 6. Nc3 Bb4 7. Nf3 O-O 8. O-O Bg4 9. a3 Bxc3 10. bxc3 c5 11. h3 Bxf3 12. Qxf3 cxd4 13. Qxb7 Nbd7 14. cxd4 Nb6 15. Ba2 Qxd4 16. Be3 Qe4 17. Qxe4 Nxe4 18. Rfc1 Rac8 19. Bb3 Rxc1+ 20. Rxc1 Rc8 21. Rxc8+ Nxc8 22. Kf1 Kf8 23. Ke2 Ke7 24. Kd3 Ned6 25. Kc3 Kd7 26. Kb4 Nb6 27. a4 Kc6 28. a5 Nbc8 29. g4 a6 30. Ba4+ Kd5 31. Bd1 Kc6 32. Bf3+ Kd7 33. Be2 Ne7 34. Bxa6 Nd5+ 35. Kc5 Nxe3 36. fxe3 Kc7 37. Kd5 Ne8 38. Bc4 Nd6 39. e4 f6 40. h4 Nf7 41. Ke6 Ne5 42. Be2 Kc6 43. h5 Kc5 44. a6 Kb6 45. g5 1-0